=LDR 00000nam 2200000 4500 =001 INLIS000000000041680 =005 20130612151211 =008 ***********************************Ind** =035 ##$$0010-061300000041680 =041 ##$$a Ind =082 ##$$a 786.2 =090 ##$$a 786.2, Kod p =100 ##$$a Kodijat, Latifah =245 ##$$a Penuntun mengajar piano, Latifah Kodijat =260 ##$$a 1993 $b S.a =300 ##$$a vii, 71 hlm, ilus, 25 cm =850 ##$$a NBPNMAT